Statistics for Largest Landlocked Countries by Area

Click here to take the quiz!

General Stats

  • This quiz has been taken 74 times
  • The average score is 16 of 20

Answer Stats

AreaCountry% Correct
2,724,900Kazakhstan
100%
1,566,500Mongolia
97%
1,098,581Bolivia
94%
1,240,192Mali
89%
1,284,000Chad
88%
449,100Uzbekistan
88%
652,230Afghanistan
86%
406,752Paraguay
86%
488,100Turkmenistan
86%
1,267,000Niger
83%
619,745South Sudan
83%
752,612Zambia
81%
390,757Zimbabwe
80%
622,984Central African Republic
78%
236,800Laos
78%
1,104,300Ethiopia
77%
582,000Botswana
73%
241,038Uganda
67%
207,600Belarus
66%
274,222Burkina Faso
64%

Score Distribution

Percentile by Number Answered

Percent of People with Each Score

Your Score History

You have not taken this quiz